Rozpoznaj po zdjęciu. - Statystyki

Ogólne statystyki
  • Ten quiz został rozwiązany 117 razy
  • Średni wynik to 8 z 16
Statystyki odpowiedzi
Obrazkowy Odpowiedź % Poprawnych
Leonardo DiCaprio
80%
Diego Maradona
75%
Brad Pitt
72%
Emma Watson
63%
Will Smith
63%
Dwayne Johnson
60%
Mark Zuckerberg
60%
Jackie Chan
57%
Tom Cruise
43%
Kylie Jenner
35%
Ryan Reynolds
34%
Ryan Gosling
33%
Megan Fox
31%
Meryl Streep
30%
Ice Cube
25%
Jimi Hendrix
13%
Nie znaleziono quizów pasujących do podanych kryteriów
Rozkład punktacji
Procent ludzi z każdym wynikiem
Percentyl według liczby udzielonych odpowiedzi
Twoja historia wyników
Nie rozwiązałeś tego quizu